Náš Jarok časopis obyvateľov obce Jarok ; časopis o živote obce a občanov Jarku

Bibliographic Details
Format: Journal
Language:Slovak
PhysicalDescription:zv. 30 cm
Published: Jarok Obecný úrad Jarok 2016-
ISSN:2453-8000
Subjects:
Online Access:http://www.jarok.sk

MARC

LEADER 00000cas a2200000 a 4500
001 vtls011612048
003 SK-MaSNL
005 20260228164435.0
008 170217c20169999xo br|p 0 b0slo
022 |a 2453-8000 
040 |a SNK  |b slo  |c SNK  |e AACR2 
041 0 |a slo 
044 |a xo  |c SK 
072 7 |a 316  |x Sociológia  |2 konspekt 
072 7 |a 35  |x Verejná správa  |2 konspekt 
080 |a 316.728  |2 2011 
080 |a (437.6)  |2 2011 
080 |a 070.489  |2 2011 
080 |a 35  |2 2011 
210 0 |a Náš Jarok 
222 0 |a Náš Jarok 
245 0 0 |a Náš Jarok  |b časopis obyvateľov obce Jarok ; časopis o živote obce a občanov Jarku 
260 |a Jarok  |b Obecný úrad Jarok  |c 2016- 
300 |a zv.  |c 30 cm 
310 |a 2x ročne 
362 0 |a Roč. 1, č. 1 (2016)- 
500 |a Evidenčné č.: EV 5369/16 
650 0 7 |a verejný život  |2 SNKPH  |9 265932 
650 0 7 |a spoločenský život  |2 SNKPH  |9 28654 
650 0 7 |a verejná správa  |2 SNKPH  |9 1538 
651 7 |a Jarok (Slovensko)  |2 SNKPH  |9 256425 
655 7 |a regionálne periodiká  |2 SNKPH  |9 131775 
856 4 0 |u http://www.jarok.sk 
910 |a snk 
999 |c 13623  |d 15553 
952 |0 0  |1 0  |4 0  |7 0  |8 0  |a SNK  |b SNK  |d 2022-09-07  |i snk2022/13472  |l 0  |o snkČSB 7544/5/2020  |p 17A1463934  |r 2026-02-21 20:09:26  |t č. 1-2  |w 2026-02-21  |y PREZ 
952 |0 0  |1 0  |4 0  |7 0  |8 0  |a SNK  |b SNK  |d 2020-08-05  |i snk2020/13810  |l 0  |o snkČSB 7544/1/2016  |p 17A1388661  |r 2026-02-21 22:08:46  |t č. 1-2  |w 2026-02-21  |y PREZ 
952 |0 0  |1 0  |4 0  |7 0  |8 0  |a SNK  |b SNK  |d 2020-08-05  |i snk2020/13811  |l 0  |o snkČSB 7544/2/2017  |p 17A1388662  |r 2026-02-21 22:08:46  |t č. 1-2  |w 2026-02-21  |y PREZ 
952 |0 0  |1 0  |4 0  |7 0  |8 0  |a SNK  |b SNK  |d 2020-08-05  |i snk2020/13812  |l 0  |o snkČSB 7544/3/2018  |p 17A1388667  |r 2026-02-21 22:08:46  |t č. 1-2  |w 2026-02-21  |y PREZ 
952 |0 0  |1 0  |4 0  |7 0  |8 0  |a SNK  |b SNK  |d 2020-08-05  |i snk2020/13813  |l 0  |o snkČSB 7544/4/2019  |p 17A1388666  |r 2026-02-21 22:08:46  |t č. 1-2  |w 2026-02-21  |y PREZ